| 000 | 00490nam a22001337a 4500 | ||
|---|---|---|---|
| 082 | _aMSCS-2 | ||
| 100 |
_aRuqayya Awan _998507 |
||
| 245 | _a4D Feature extraction from echocardiography images using local phase information | ||
| 260 |
_aIslamabad _bNUST-SEECS _c2015 |
||
| 300 |
_a59 _b27cm.+ _eCD-ROM |
||
| 500 | _aSupervisors:Dr. Kashif Mahmood Rajpoot, Dr. Anis ur Rehman, Dr. Omar Arif, Dr. Sohail Iqbal | ||
| 856 | _uhttp://10.250.8.41:8080/xmlui/handle/123456789/8242 | ||
| 942 |
_cPR _2ddc |
||
| 999 |
_c13150 _d13150 |
||